[Event "GER Seniors Derby 02nd"]
[Site "Wesel/Heidelust"]
[Date "2003.03.15"]
[Round "6"]
[White "Schmitt, Herbert"]
[Black "Jahns, Reiner"]
[Result "0-1"]
[WhiteElo "1458"]
[BlackElo "1821"]
[PlyCount "60"]
[EventDate "2003.03.13"]
[EventType "swiss"]
[EventRounds "7"]
[EventCountry "GER"]
[SourceTitle "EXT 2006"]
[Source "ChessBase"]
[SourceDate "2005.11.24"]
[SourceVersion "1"]
[SourceVersionDate "2005.11.24"]
[SourceQuality "1"]

1. d4 f5 2. Bf4 Nf6 3. Nc3 e6 4. Nf3 c6 5. Qd3 b6 6. a3 Be7 7. Bxb8 Rxb8 8. e4 fxe4 9. Nxe4 0-0 10. Be2 Bb7 11. Ned2 Nd5 12. g3 c5 13. c4 Nf6 14. 0-0 Qc7 15. dxc5 bxc5 16. Rab1 Qc6 17. b4 d5 18. b5 Qd7 19. Ne5 Qc7 20. Ndf3 Rbd8 21. Qb3 dxc4 22. Bxc4 Nd5 23. a4 Rf5 24. Nd3 Rxf3 25. Qd1 Rdf8 26. Re1 Nc3 27. Rxe6 Bd5 28. Bxd5 Nxd5 29. Rc6 Qb8 30. Ne1 R3f5 0-1